Statistiken für Die größten Wüsten der Welt

Klicken Sie hier um das Quiz zu spielen!

Allgemein

  • Dieses Quiz wurde 61 mal gespielt
  • Das Durchschnittsergebnis liegt bei 4 aus 6

Antwortstatistiken

Fläche in km²Wüste% Korrekt
9,2 Mio.Sahara
100%
1,295 Mio.Gobi
90%
14,2 Mio.Antarktis
69%
0,9 Mio.Kalahari
43%
13,9 Mio.Arktis
41%
2,33 Mio.Große Arabische Wüste
21%

Verteilung der Resultate

Perzentil nach korrekt beantworteten Fragen

Anzahl Personen mit jedem Resultat

Ihre Resultats-Entwicklung

Sie haben dieses Quiz noch nicht gespielt